[Event "IX Open"]
[Site "Dubai EAU"]
[Date "2007.04.23"]
[Round "2"]
[White "Kotanjian, T."]
[Black "Meenakshi, Sub"]
[Result "1-0"]
[WhiteElo "2560"]
[BlackElo "2370"]
[PlyCount "89"]
[EventDate "2007.04.22"]
[Source "www.chesslib.no"]
[SourceDate "2004.05.04"]

1. d4 Nf6 2. c4 c5 3. d5 b5 4. cxb5 a6 5. bxa6 Bxa6 6. Nc3 d6 7. Nf3 g6 8. g3 Bg7 9. Bg2 O-O 10. O-O Nbd7 11. Rb1 Qa5 12. Qc2 Bc4 13. Nd2 Ba6 14. b3 Nb6 15. Bb2 Bb7 16. Rfd1 Qa6 17. e4 Rad8 18. a4 e6 19. dxe6 fxe6 20. Nb5 Ne8 21. Nc4 Nc8 22. Bh3 d5 23. Ba3 d4 24. Bg2 e5 25. Bxc5 Rf7 26. b4 Bc6 27. Bf1 Qa8 28. Bd3 Nc7 29. Nb6 Qb7 30. Nxc8 Bxb5 31. Nd6 Rxd6 32. Bxd6 Bxd3 33. Qxd3 Ne8 34. Bc5 Nf6 35. Re1 Ng4 36. Re2 Bh6 37. Rf1 Qd7 38. a5 Nf6 39. Kg2 Nh5 40. h3 g5 41. a6 g4 42. Rh1 gxh3+ 43. Rxh3 Qg4 44. Rxh5 Qxh5 45. a7 1-0

[Event "17th Belgrade Trophy"]
[Site "Obrenovac"]
[Date "2004.11.25"]
[Round "4"]
[White "Guidarelli, Laurent"]
[Black "Stanojoski, Zvonko"]
[Result "1-0"]
[WhiteElo "2422"]
[BlackElo "2506"]
[PlyCount "87"]
[EventDate "2004.11.22"]
[Source "Roberto Alvarez"]
[SourceDate "2004.11.29"]

1. d4 Nf6 2. c4 c5 3. d5 b5 4. cxb5 a6 5. bxa6 Bxa6 6. Nc3 d6 7. Nf3 g6 8. g3 Nbd7 9. Bg2 Nb6 10. b3 Bg7 11. Rb1 Bb7 12. Nh4 O-O 13. O-O Qd7 14. h3 Rfc8 15. Bb2 Ne8 16. Qd2 c4 17. Rfc1 cxb3 18. axb3 Nc7 19. e4 Na6 20. Qe3 Nc5 21. Ne2 Bxb2 22. Rxb2 Ba6 23. Nd4 Bb5 24. Rbc2 Ra3 25. Qh6 e6 26. dxe6 fxe6 27. b4 Ba4 28. bxc5 dxc5 29. Rb2 cxd4 30. Rxb6 Rac3 31. Rcb1 d3 32. Rb7 Rc1+ 33. Kh2 Rxb1 34. Rxd7 Bxd7 35. Nf3 Ba4 36. Ng5 Rb7 37. e5 Re7 38. Nxh7 Rxh7 39. Qxg6+ Kh8 40. Qf6+ Rg7 41. Qh4+ Kg8 42. Qxa4 Rd8 43. Qa5 Rgd7 44. Qd2 1-0

[Event "Europa ch 2008"]
[Site "Plovdiv BUL"]
[Date "2008.05.02"]
[Round "11.95"]
[White "Jianu, Vlad-Cristian"]
[Black "Nestorovic, Nikola"]
[Result "1/2-1/2"]
[WhiteElo "2531"]
[BlackElo "2381"]
[PlyCount "49"]
[EventDate "2008.04.21"]
[Source "www.chesslib.no"]
[SourceDate "2004.05.04"]

1. d4 Nf6 2. c4 c5 3. d5 b5 4. cxb5 a6 5. bxa6 g6 6. Nc3 Bxa6 7. Nf3 d6 8. g3 Bg7 9. Bg2 Nbd7 10. Rb1 O-O 11. O-O Qa5 12. Qc2 Rfb8 13. b3 Ng4 14. Bb2 Nge5 15. Ba1 Nxf3+ 16. Bxf3 c4 17. Rfc1 Rb4 18. Nd1 Bxa1 19. Rxa1 Nc5 20. Ne3 cxb3 21. axb3 Qd8 22. Ra3 Rab8 23. Rb1 Qb6 24. Qa2 Bc4 25. Nxc4 1/2-1/2

[Event "It"]
[Site "Rio de Janeiro BRA"]
[Date "1985.??.??"]
[Round "11"]
[White "Quinteros, Miguel A"]
[Black "Van Riemsdijk, Herman C"]
[Result "1-0"]
[WhiteElo "2525"]
[BlackElo "2385"]
[PlyCount "59"]
[EventDate "1985.??.??"]
[Source "www.chesslib.no"]
[SourceDate "2004.05.04"]

1. d4 Nf6 2. c4 c5 3. d5 b5 4. cxb5 a6 5. bxa6 Bxa6 6. Nc3 d6 7. Nf3 g6 8. g3 Bg7 9. Bg2 O-O 10. O-O Nbd7 11. Re1 Qb6 12. Rb1 Rfb8 13. h3 Ne8 14. Bd2 Nc7 15. b3 Bb7 16. Na4 Qa7 17. e4 Nb5 18. Rc1 Ba6 19. Be3 Nd4 20. Bxd4 cxd4 21. Bf1 Bxf1 22. Rxf1 Nb6 23. Nxb6 Qxb6 24. Rc6 Qa5 25. a4 Qb4 26. Rc4 Qxb3 27. Rc8+ Bf8 28. Qxb3 Rxb3 29. Rxa8 Rxf3 30. Rd1 1-0

[Event "It"]
[Site "Pancevo"]
[Date "2003.06.28"]
[Round "9"]
[White "Micic, Cedomir"]
[Black "Stanojoski, Zvonko"]
[Result "1-0"]
[WhiteElo "2408"]
[BlackElo "2497"]
[PlyCount "139"]
[EventDate "2003.06.20"]
[Source "Roberto Alvarez"]
[SourceDate "2003.07.07"]

1. d4 Nf6 2. c4 c5 3. d5 b5 4. cxb5 a6 5. bxa6 Bxa6 6. Nc3 d6 7. Nf3 g6 8. g3 Bg7 9. Bg2 O-O 10. O-O Nbd7 11. h3 Qa5 12. Re1 Rfb8 13. e4 Ne8 14. Qc2 Nc7 15. Rb1 Nb5 16. Nxb5 Bxb5 17. Bg5 f6 18. Bd2 Qxa2 19. Bc3 Qa6 20. Qd2 Bd3 21. Rbd1 Bc4 22. h4 Nb6 23. h5 Qc8 24. hxg6 hxg6 25. Nh4 Kf7 26. e5 dxe5 27. Be4 g5 28. Nf5 Bb3 29. d6 e6 30. Nxg7 Bxd1 31. Rxd1 Kxg7 32. Bxe5 Kf7 33. d7 Qxd7 34. Qxd7+ Nxd7 35. Rxd7+ Ke8 36. Bc6 Ra1+ 37. Rd1+ Kf7 38. Rxa1 fxe5 39. Rc1 Rxb2 40. Rxc5 Kf6 41. Kg2 Rb4 42. f3 g4 43. fxg4 Rxg4 44. Kf3 Rb4 45. Rc3 Kf5 46. Re3 Rd4 47. Be4+ Kg5 48. Bc2 Kf6 49. Rc3 Rd6 50. Kg4 Rd4+ 51. Kh5 e4 52. Re3 Ke5 53. g4 Rd2 54. Rxe4+ Kf6 55. g5+ Kg7 56. Bb3 Rh2+ 57. Kg4 Rg2+ 58. Kf4 Rf2+ 59. Kg3 Rf5 60. Kh4 e5 61. Be6 Rf1 62. Rxe5 Rh1+ 63. Bh3 Kg6 64. Re6+ Kg7 65. Rc6 Kh7 66. Kg3 Kg7 67. Bf5 Rg1+ 68. Kf4 Rf1+ 69. Ke5 Re1+ 70. Be4 1-0

[Event "Moscow-D"]
[Site "Moscow"]
[Date "1996.??.??"]
[Round "?"]
[White "Kiriakov, Petr"]
[Black "Kochetkov, German"]
[Result "1/2-1/2"]
[WhiteElo "2515"]
[BlackElo "2385"]
[PlyCount "84"]
[EventDate "1996.??.??"]
[Source "www.chesslib.no"]
[SourceDate "2004.05.04"]

1. d4 Nf6 2. c4 c5 3. d5 b5 4. cxb5 a6 5. bxa6 Bxa6 6. Nc3 g6 7. Nf3 d6 8. g3 Bg7 9. Bg2 O-O 10. O-O Nbd7 11. Ne1 Qa5 12. Nc2 Rfb8 13. Ne3 Ne8 14. Qc2 Nc7 15. Bd2 Nb5 16. Rfb1 Nd4 17. Qd1 Ne5 18. Bf1 e6 19. b3 Bb7 20. Bg2 Nf5 21. Nxf5 exf5 22. Rc1 Ba6 23. Rab1 Qa3 24. h3 c4 25. Be1 Nd7 26. Qc2 Nc5 27. bxc4 Bxc4 28. Bf3 Re8 29. Nb5 Bxb5 30. Rxb5 Qxa2 31. Qxa2 Rxa2 32. Rb6 Be5 33. Kg2 Rea8 34. g4 fxg4 35. hxg4 Rf8 36. Bb4 Rd8 37. Bxc5 dxc5 38. Rc6 Bd6 39. Rb1 Rd2 40. Rbb6 Be7 41. Rb7 Bd6 42. Ra6 c4 1/2-1/2

[Event "Kavala"]
[Site "?"]
[Date "2006.08.10"]
[Round "8"]
[White "Vijayalakshmi Subbaraman"]
[Black "Stanojoski Zvonko"]
[Result "1-0"]
[WhiteElo "2417"]
[BlackElo "2481"]
[PlyCount "131"]
[EventDate "2006.??.??"]
[Source "www.chesslib.no"]
[SourceDate "2004.05.04"]

1. d4 Nf6 2. c4 c5 3. d5 b5 4. cxb5 a6 5. bxa6 Bxa6 6. Nc3 d6 7. Nf3 g6 8. g3 Nbd7 9. Bg2 Nb6 10. O-O Bg7 11. Ne1 O-O 12. Nc2 Ra7 13. Rb1 Nfd7 14. Ne3 Nc4 15. Qc2 Qa5 16. Ned1 Rb8 17. h4 Nf6 18. Bh3 Bb7 19. Bg2 Bc8 20. a4 Bf5 21. e4 Bd7 22. b3 Ne5 23. Bd2 Qa6 24. Ne3 Rab7 25. Rfd1 Nfg4 26. Bf1 Qa8 27. Be2 Nxe3 28. Bxe3 Ng4 29. Bd2 f5 30. Bb5 Bd4 31. Be1 Rf8 32. Bc6 fxe4 33. Nxe4 Bxc6 34. dxc6 Rc7 35. Qc4+ Kh8 36. Bc3 Bxc3 37. Qxc3+ Nf6 38. Nxf6 exf6 39. Rxd6 Rxc6 40. Rbd1 Qc8 41. R1d5 Rxd6 42. Rxd6 Qf5 43. Rc6 Qb1+ 44. Kh2 Kg8 45. Qc4+ Kh8 46. Qxc5 Rf7 47. Qc2 Qe1 48. Rc8+ Kg7 49. Rc7 h5 50. Rxf7+ Kxf7 51. Kg2 Kg7 52. Qc7+ Kh6 53. Qf4+ Kg7 54. b4 Qe7 55. b5 g5 56. hxg5 fxg5 57. Qe3 Qf6 58. Qf3 Qg6 59. Qb7+ Kh8 60. Qc6 Qf5 61. Qh6+ Kg8 62. Qxh5 Qe4+ 63. Qf3 Qxa4 64. b6 g4 65. Qd5+ Kh7 66. b7 1-0

[Event "London"]
[Site "London"]
[Date "1975.??.??"]
[Round "?"]
[White "Timman, Jan H"]
[Black "Webb, Simon"]
[Result "1/2-1/2"]
[WhiteElo "2510"]
[BlackElo "2385"]
[PlyCount "93"]
[EventDate "1975.??.??"]
[Source "www.chesslib.no"]
[SourceDate "2004.05.04"]

1. d4 Nf6 2. c4 c5 3. d5 b5 4. cxb5 a6 5. bxa6 Bxa6 6. Nc3 g6 7. Nf3 d6 8. g3 Bg7 9. Bh3 O-O 10. O-O Nbd7 11. Qc2 h5 12. Ng5 Ng4 13. f3 Bd4+ 14. Kg2 Ne3+ 15. Bxe3 Bxe3 16. Ne6 fxe6 17. Qxg6+ Kh8 18. Qxh5+ Kg7 19. Qg4+ Kh8 20. f4 Rf6 21. Qh5+ Kg7 22. Bxe6 Rxe6 23. dxe6 Bb7+ 24. Rf3 Nf6 25. Qg5+ Kh7 26. Qf5+ Kg7 27. g4 Qb6 28. Qg5+ Kh8 29. Qh6+ Nh7 30. Rd1 Bd4 31. g5 Rg8 32. Rd2 Qb4 33. a3 Qc4 34. Rdd3 Bxc3 35. bxc3 Qxf4 36. h4 c4 37. Kh3 Bxf3 38. Rxf3 Qe4 39. Rf7 Qe3+ 40. Kg4 Qe4+ 41. Kh3 Qe3+ 42. Kg4 Qxe2+ 43. Kh3 Qd3+ 44. Kh2 Qc2+ 45. Kh1 Qe4+ 46. Kh2 d5 47. Rxe7 1/2-1/2

[Event "Metz Open"]
[Site "Metz FRA"]
[Date "1994.??.??"]
[Round "8"]
[White "Volzhin, Alexander"]
[Black "Gallagher, Joseph G"]
[Result "1/2-1/2"]
[WhiteElo "2410"]
[BlackElo "2485"]
[PlyCount "43"]
[EventDate "1994.04.??"]
[Source "www.chesslib.no"]
[SourceDate "2004.05.04"]

1. d4 Nf6 2. c4 c5 3. d5 b5 4. cxb5 a6 5. bxa6 g6 6. Nc3 Bxa6 7. Nf3 d6 8. g3 Bg7 9. Bg2 Nbd7 10. O-O Nb6 11. Re1 O-O 12. Bf4 Nfd7 13. Qc2 Nc4 14. Rac1 Ndb6 15. e4 Nd7 16. Bf1 Nce5 17. Nxe5 Nxe5 18. Bxe5 Bxe5 19. Bxa6 Rxa6 20. a4 Bxc3 21. Qxc3 Qd7 22. e5 1/2-1/2

[Event "Mind Sports Games - Blitz Pair"]
[Site "Pechino CINA"]
[Date "2008.10.08"]
[Round "2"]
[White "Solomon, K."]
[Black "Markos, J."]
[Result "0-1"]
[WhiteElo "2337"]
[BlackElo "2557"]
[PlyCount "92"]
[EventDate "2008.10.08"]
[Source "www.chesslib.no"]
[SourceDate "2004.05.04"]

1. d4 Nf6 2. c4 c5 3. d5 b5 4. cxb5 a6 5. bxa6 Bxa6 6. Nc3 d6 7. Nf3 g6 8. g3 Bg7 9. Bg2 O-O 10. O-O Nbd7 11. Rb1 Qa5 12. Qc2 Rfb8 13. Bd2 Ng4 14. b3 Nge5 15. Nxe5 Nxe5 16. Rfe1 Qa3 17. Bc1 Qb4 18. Bd2 Qb7 19. h3 Qc7 20. Kh2 Bc8 21. a4 Ba6 22. f4 Nd7 23. e4 Ra7 24. Bf1 Bxf1 25. Rxf1 Rab7 26. Nb5 Qd8 27. Bc3 Nf6 28. Rbd1 h5 29. Ba1 Rc8 30. Qc4 Qa5 31. Bc3 Qd8 32. e5 Ne8 33. Rde1 Nc7 34. Ba5 dxe5 35. Nxc7 Rcxc7 36. fxe5 Qc8 37. Bxc7 Qxc7 38. Qf4 Rxb3 39. Qxf7+ Kh7 40. Re2 h4 41. gxh4 Qd7 42. Qe6 Qxa4 43. Rg2 Qe4 44. Rf7 Kh6 45. Qg4 Bxe5+ 46. Kh1 Rb1+ 0-1

[Event "ADCF Masters"]
[Site "Abu Dhabi"]
[Date "2003.08.19"]
[Round "4"]
[White "Ezat, Mohamed"]
[Black "Kasparov, Sergey"]
[Result "0-1"]
[WhiteElo "2410"]
[BlackElo "2482"]
[PlyCount "94"]
[EventDate "2003.08.16"]
[Source "Roberto Alvarez"]
[SourceDate "2003.09.01"]

1. d4 Nf6 2. c4 c5 3. d5 b5 4. cxb5 a6 5. bxa6 g6 6. Nc3 Bxa6 7. Nf3 d6 8. g3 Bg7 9. Bg2 Nfd7 10. O-O Nb6 11. Qc2 N8d7 12. Rd1 O-O 13. b3 Bxe2 14. Qxe2 Bxc3 15. Rb1 Bg7 16. h4 Nf6 17. Ng5 Qc7 18. Be3 Rfb8 19. Rbc1 Qd8 20. Rc2 Ra7 21. Bc1 Rba8 22. Nh3 Qf8 23. Nf4 Nbd7 24. h5 g5 25. Nd3 h6 26. b4 Nb6 27. bxc5 Nbxd5 28. Bb2 Re8 29. Bd4 e5 30. Ba1 e4 31. Nc1 dxc5 32. Nb3 Nb4 33. Rxc5 Rxa2 34. Qc4 Nd3 35. Rf5 Ng4 36. Bxg7 Qxg7 37. Rxd3 exd3 38. Qxg4 d2 39. Rd5 Qc3 40. Qd7 Re1+ 41. Kh2 Qxb3 42. Rd6 Re6 43. Qc8+ Kg7 44. Rd8 d1=Q 45. Rg8+ Kf6 46. Rg6+ Ke7 47. Qc5+ Qd6 0-1

[Event "Beersheba"]
[Site "Beer Sheba ISR"]
[Date "1976.??.??"]
[Round "9"]
[White "Kraidman, Yair"]
[Black "Damjanovic, Mato"]
[Result "1-0"]
[WhiteElo "2465"]
[BlackElo "2425"]
[PlyCount "101"]
[EventDate "1976.03.??"]
[Source "www.chesslib.no"]
[SourceDate "2004.05.04"]

1. d4 Nf6 2. c4 c5 3. d5 b5 4. cxb5 a6 5. bxa6 Bxa6 6. Nc3 g6 7. Nf3 d6 8. g3 Bg7 9. Bh3 O-O 10. O-O Ne8 11. Qc2 Nc7 12. Rd1 Bc8 13. Bxc8 Qxc8 14. Kg2 Qb7 15. Bg5 Re8 16. e4 Nd7 17. Rab1 Ra6 18. a3 Qa8 19. Rd2 h6 20. Be3 Rb8 21. Rbd1 Ne8 22. Qc1 Kh7 23. Rc2 Nef6 24. h3 Ng8 25. Re1 Qb7 26. Ree2 Re8 27. Bf4 Bd4 28. Qd2 Qb6 29. e5 dxe5 30. Nxe5 Bxe5 31. Bxe5 Qb7 32. Kh2 Rd8 33. Qe1 e6 34. Rcd2 Nxe5 35. Rxe5 Rad6 36. Ne4 Rxd5 37. Nxc5 Qc6 38. Rexd5 exd5 39. b4 Re8 40. Qd1 Nf6 41. Qf3 Re5 42. Rd4 Kg7 43. Rf4 Re7 44. Qc3 Qd6 45. Qd4 g5 46. Rf3 Kg6 47. a4 h5 48. b5 Ne4 49. Nxe4 Rxe4 50. Qh8 f6 51. Qg8+ 1-0

[Event "Borovo"]
[Site "Borovo"]
[Date "1991.??.??"]
[Round "8"]
[White "Ilincic, Zlatko"]
[Black "Manca, Federico"]
[Result "1-0"]
[WhiteElo "2470"]
[BlackElo "2420"]
[PlyCount "83"]
[EventDate "1991.02.??"]
[Source "ChessBase"]

1. d4 Nf6 2. c4 c5 3. d5 b5 4. cxb5 a6 5. bxa6 Bxa6 6. Nc3 d6 7. Nf3 g6 8. g3 Bg7 9. Bg2 O-O 10. O-O Nbd7 11. Qc2 Ra7 12. h3 Qa8 13. Rd1 Nb6 14. e4 Bb7 15. Nd2 c4 16. Nf3 Na4 17. Be3 Ra6 18. Bf1 Nxc3 19. bxc3 e6 20. Bxc4 Ra4 21. Bd3 exd5 22. e5 Ne4 23. Bd4 Rc8 24. Qb2 dxe5 25. Nxe5 Bxe5 26. Bxe5 Ng5 27. Bd4 Ba6 28. Bc2 Rac4 29. Bb3 Rxc3 30. Bxc3 Nf3+ 31. Kh1 d4 32. Bxd4 Ne1+ 33. f3 Qxf3+ 34. Kh2 Rc2+ 35. Rd2 Rxb2 36. Bxb2 Nd3 37. Re1 Kf8 38. Ba3+ Kg7 39. Re7 Kh6 40. Rxf7 Qe3 41. Bf8+ Kg5 42. h4+ 1-0

[Event "Czech Open, Pardubice CZE"]
[Site "?"]
[Date "2001.??.??"]
[Round "8"]
[White "Shtyrenkov, V."]
[Black "Nun, Ji"]
[Result "1-0"]
[WhiteElo "2505"]
[BlackElo "2385"]
[PlyCount "119"]
[EventDate "2001.??.??"]
[Source "www.chesslib.no"]
[SourceDate "2004.05.04"]

1. d4 Nf6 2. c4 c5 3. d5 b5 4. cxb5 a6 5. bxa6 Bxa6 6. Nc3 d6 7. Nf3 g6 8. g3 Bg7 9. Bg2 O-O 10. O-O Nbd7 11. Rb1 Qa5 12. Qc2 Rfb8 13. Rd1 Ng4 14. Bd2 Nge5 15. Nxe5 Nxe5 16. b3 Qb4 17. Ne4 Qb5 18. Bf1 Bc8 19. f4 Ng4 20. e3 Qb7 21. h3 Nf6 22. Nxf6+ Bxf6 23. Be1 Ra3 24. b4 Qa7 25. bxc5 Rxb1 26. Qxb1 dxc5 27. d6 exd6 28. Rxd6 Be6 29. Bc4 Bxc4 30. Rxf6 Qe7 31. Rb6 Rxa2 32. e4 Ra8 33. Bc3 Re8 34. Ba1 Qd8 35. Qb2 f6 36. Rxf6 Qd4+ 37. Qxd4 cxd4 38. e5 d3 39. Bc3 Rb8 40. Rc6 Bd5 41. Rd6 Bc4 42. Kf2 Ra8 43. Ke3 Ra2 44. Bd2 Ra6 45. Rd8+ Kf7 46. Rd7+ Kg8 47. g4 Be6 48. Rxd3 h5 49. Kf3 hxg4+ 50. hxg4 Kf7 51. Kg3 Ra1 52. Be3 Rb1 53. Bd4 Rb3 54. Rxb3 Bxb3 55. f5 gxf5 56. gxf5 Ba2 57. Kf4 Bb3 58. Bf2 Ba2 59. Bh4 Bb3 60. Ke3 1-0

[Event "CRO-chT"]
[Site "Pula"]
[Date "2000.09.17"]
[Round "7"]
[White "Cebalo, Miso"]
[Black "Novak, Danijel"]
[Result "1/2-1/2"]
[WhiteElo "2520"]
[BlackElo "2369"]
[PlyCount "83"]
[EventDate "2000.09.??"]
[Source "www.chesslib.no"]
[SourceDate "2004.05.04"]

1. d4 Nf6 2. c4 c5 3. d5 b5 4. cxb5 a6 5. bxa6 Bxa6 6. Nc3 d6 7. Nf3 g6 8. g3 Bg7 9. Bg2 O-O 10. O-O Nbd7 11. Rb1 Qa5 12. Qc2 Rfb8 13. Rd1 Ne8 14. Bd2 Nc7 15. b3 Qa3 16. Bc1 Qa5 17. Bb2 Nb5 18. Nxb5 Bxb5 19. Bxg7 Kxg7 20. Rb2 Qb4 21. Bf1 Nf6 22. h4 Ra7 23. Rbb1 Ra3 24. Rb2 Ra7 25. Ng5 Bc4 26. Bg2 Ba6 27. Ne4 Nxe4 28. Bxe4 c4 29. Rbb1 Rc8 30. bxc4 Qxc4 31. Qb2+ Qc3 32. Rd2 Qxb2 33. Rbxb2 Rc1+ 34. Kg2 f5 35. Bc2 Bc4 36. Bb3 Kf6 37. f4 Ra5 38. Kf2 Rc3 39. Rd4 Rb5 40. a4 Rbxb3 41. Rxc4 Rxc4 42. Rxb3 1/2-1/2

[Event "LADAC"]
[Site "?"]
[Date "1999.11.01"]
[Round "?"]
[White "Dias Sergio Moreira Ferr"]
[Black "Verducci Silvelo Sergio Danie"]
[Result "0-1"]
[WhiteElo "2379"]
[BlackElo "2498"]
[PlyCount "78"]
[EventDate "1999.??.??"]
[Source "www.chesslib.no"]
[SourceDate "2004.05.04"]

1. d4 Nf6 2. c4 c5 3. d5 b5 4. cxb5 a6 5. bxa6 g6 6. Nc3 Bxa6 7. g3 d6 8. Nf3 Bg7 9. Bg2 Nbd7 10. O-O Nb6 11. Nd2 O-O 12. Qc2 Bb7 13. e4 Ba6 14. Re1 Ng4 15. Nf3 Nc4 16. h3 Nge5 17. Nxe5 Nxe5 18. b3 Qa5 19. Bb2 c4 20. Na4 Bb5 21. Bc3 Qa7 22. Nb2 cxb3 23. Qxb3 Rfb8 24. Rec1 Bh6 25. Re1 Bd7 26. Qd1 Qa3 27. Bxe5 dxe5 28. Nd3 Bb5 29. Bf1 Qc3 30. Qf3 Ba4 31. a3 Rb3 32. Kg2 Qd4 33. Rab1 Rab8 34. Rxb3 Rxb3 35. Qe2 f6 36. Nb4 Rb2 37. Qf3 Bd2 38. Re2 Bd1 39. Nc6 Qc5 0-1

[Event "BKL-Turnier"]
[Site "Leipzig"]
[Date "1988.??.??"]
[Round "?"]
[White "Kiss, Attila"]
[Black "Paehtz, Thomas Sr"]
[Result "0-1"]
[WhiteElo "2375"]
[BlackElo "2500"]
[PlyCount "100"]
[EventDate "1988.01.??"]
[Source "ChessBase"]

1. d4 Nf6 2. c4 c5 3. d5 b5 4. cxb5 a6 5. bxa6 Bxa6 6. Nc3 d6 7. Nf3 g6 8. g3 Bg7 9. Bg2 Nbd7 10. Rb1 O-O 11. O-O Nb6 12. Nh4 Qc7 13. b3 Rae8 14. Bb2 e6 15. dxe6 fxe6 16. Qd2 d5 17. Rfd1 Rd8 18. Qc2 e5 19. Nf3 Qe7 20. Nxe5 Qxe5 21. Nxd5 Qxe2 22. Qxe2 Bxe2 23. Bxf6 Nxd5 24. Bxg7 Bxd1 25. Rxd1 Ne3 26. Rc1 Kxg7 27. fxe3 Rd2 28. a4 Rff2 29. Bb7 Rfe2 30. a5 Ra2 31. a6 Rxe3 32. Rb1 Ree2 33. Rf1 g5 34. Rf5 Reb2 35. Rf1 h6 36. Rc1 Kf6 37. Re1 Rd2 38. Rc1 Ke7 39. Rf1 Kd6 40. Rc1 Rdb2 41. Rd1+ Kc7 42. Rf1 Kb6 43. Re1 Ka7 44. Rf1 Rd2 45. Re1 Rab2 46. Rd1 Rdc2 47. Re1 Rxb3 48. Bc8 Rbb2 49. Bf5 Rg2+ 50. Kf1 Rbf2# 0-1

[Event "III Memorial E.Geller - Open A"]
[Site "Odessa UCR"]
[Date "2007.09.08"]
[Round "1"]
[White "Firman, Nazar"]
[Black "Grekh, Andrey"]
[Result "1/2-1/2"]
[WhiteElo "2517"]
[BlackElo "2355"]
[PlyCount "22"]
[EventDate "2007.09.08"]
[Source "www.chesslib.no"]
[SourceDate "2004.05.04"]

1. d4 Nf6 2. c4 c5 3. d5 b5 4. cxb5 a6 5. bxa6 Bxa6 6. Nc3 d6 7. Nf3 g6 8. g3 Bg7 9. Bg2 O-O 10. O-O Nbd7 11. Qc2 Nb6 1/2-1/2

[Event "IM Closed, Martinenc ESP"]
[Site "?"]
[Date "2001.??.??"]
[Round "7"]
[White "Narciso Dublan, M."]
[Black "Jose Abril, R."]
[Result "1/2-1/2"]
[WhiteElo "2505"]
[BlackElo "2360"]
[PlyCount "125"]
[EventDate "2001.??.??"]
[Source "www.chesslib.no"]
[SourceDate "2004.05.04"]

1. d4 Nf6 2. c4 c5 3. d5 b5 4. cxb5 a6 5. bxa6 Bxa6 6. Nc3 d6 7. Nf3 g6 8. g3 Bg7 9. Bg2 Nbd7 10. Rb1 Nb6 11. b3 Bb7 12. Nh4 O-O 13. a4 Ne8 14. Bb2 Nc7 15. O-O Na6 16. Na2 Nd7 17. Bxg7 Kxg7 18. Qd2 Nf6 19. e4 Bc8 20. Qc3 Kg8 21. e5 Ng4 22. Nf3 Bf5 23. Rbe1 Rb8 24. h3 Nxe5 25. Nxe5 dxe5 26. Rxe5 Qd6 27. Rfe1 Rb7 28. g4 Bc8 29. Bf1 e6 30. dxe6 Bxe6 31. Nc1 Rc7 32. Qd3 Qxd3 33. Nxd3 Rc6 34. Bg2 Rc7 35. Bd5 Bxd5 36. Rxd5 Rb8 37. Nc1 Nb4 38. Rd6 c4 39. bxc4 Rxc4 40. Kg2 Ra8 41. Nb3 Rxa4 42. Re8+ Kg7 43. Nd2 Rf4 44. Kg3 Nc2 45. Rc6 Na3 46. Rc5 Rfd4 47. g5 h6 48. Nf3 Re4 49. gxh6+ Kxh6 50. Ne5 Kg7 51. Rc7 Rf4 52. Ree7 Rae4 53. f3 Rxe5 54. Rxe5 Rf6 55. Ra5 Nb1 56. Ra2 Rd6 57. Rcc2 Rd3 58. Kg2 Na3 59. Rd2 Rc3 60. Rd5 Nc4 61. Kg3 Ne3 62. Re5 Nf5+ 63. Rxf5 1/2-1/2

[Event "BCF Ch"]
[Site "Torquay ENG"]
[Date "1982.??.??"]
[Round "8"]
[White "Littlewood, Paul E"]
[Black "Hebden, Mark L"]
[Result "0-1"]
[WhiteElo "2465"]
[BlackElo "2400"]
[PlyCount "98"]
[EventDate "1982.08.02"]
[Source "www.chesslib.no"]
[SourceDate "2004.05.04"]

1. d4 Nf6 2. c4 c5 3. d5 b5 4. cxb5 a6 5. bxa6 Bxa6 6. Nc3 g6 7. Nf3 d6 8. g3 Bg7 9. Bg2 O-O 10. O-O Nbd7 11. Re1 Qa5 12. Bd2 Ng4 13. Qc2 Nb6 14. b3 Qa3 15. h3 Ne5 16. Nxe5 Bxe5 17. Rab1 Bb7 18. e4 Nd7 19. Kh2 Rfc8 20. h4 Rcb8 21. f4 Bg7 22. Bh3 Bc8 23. h5 c4 24. hxg6 hxg6 25. bxc4 Qc5 26. Rxb8 Rxb8 27. Nd1 Nb6 28. Bxc8 Rxc8 29. Be3 Qb4 30. Qf2 Nxc4 31. Kg2 Ra8 32. Kf1 Qb1 33. Ba7 Qd3+ 34. Kg2 f5 35. exf5 Qxd5+ 36. Kh2 gxf5 37. Ne3 Nxe3 38. Bxe3 Kf7 39. Kg1 Rxa2 40. Re2 Ra3 41. Kh2 Ra8 42. Qg2 Rh8+ 43. Kg1 Qd1+ 44. Kf2 Rh1 45. Bd2 Bd4+ 46. Be3 Bxe3+ 47. Kxe3 Rf1 48. Rd2 Re1+ 49. Kd4 Qa4+ 0-1

[Event "Monarch Assurance"]
[Site "Isle of Man"]
[Date "2007.09.28"]
[Round "7.14"]
[White "Dworakowska, Joanna"]
[Black "Pavlovic, Milos"]
[Result "1-0"]
[WhiteElo "2320"]
[BlackElo "2541"]
[PlyCount "75"]
[EventDate "2007.09.22"]
[Source "www.chesslib.no"]
[SourceDate "2004.05.04"]

1. d4 Nf6 2. c4 c5 3. d5 b5 4. cxb5 a6 5. bxa6 g6 6. Nc3 Bxa6 7. Nf3 d6 8. g3 Bg7 9. Bg2 Nbd7 10. O-O O-O 11. Qc2 Qa5 12. Rd1 Rfb8 13. Rb1 Ng4 14. Bd2 Nge5 15. Nxe5 Nxe5 16. b3 Bc8 17. h3 c4 18. f4 Bf5 19. Be4 Bxe4 20. Qxe4 Nd7 21. Rdc1 cxb3 22. Rxb3 Rxb3 23. axb3 Qb6+ 24. Kg2 Nc5 25. Qxe7 Nxb3 26. Rb1 Qd4 27. Be1 Nd2 28. Rb7 Rf8 29. Rc7 Bf6 30. Qxd6 Ne4 31. Qa6 Nxc3 32. Rxc3 Re8 33. Qd3 Qxd3 34. Rxd3 Rxe2+ 35. Kf1 Ra2 36. d6 Bd8 37. d7 Kf8 38. Re3 1-0

[Event "Ch Norway (team) 2006/07"]
[Site "Norway"]
[Date "2007.01.14"]
[Round "6"]
[White "Fyllingen Roy Harald (NOR)"]
[Black "Djurhuus Rune (NOR)"]
[Result "1/2-1/2"]
[WhiteElo "2405"]
[BlackElo "2455"]
[PlyCount "92"]
[EventDate "2007.??.??"]
[Source "www.chesslib.no"]
[SourceDate "2004.05.04"]

1. d4 Nf6 2. c4 c5 3. d5 b5 4. cxb5 a6 5. bxa6 g6 6. Nc3 Bxa6 7. Nf3 d6 8. g3 Bg7 9. Bg2 Nbd7 10. O-O Nb6 11. Nd2 O-O 12. Qc2 Ra7 13. Rd1 e6 14. dxe6 fxe6 15. Nde4 Nxe4 16. Nxe4 Nd5 17. Ng5 Qf6 18. f4 Nb4 19. Qe4 e5 20. a3 d5 21. Qe3 exf4 22. Qxc5 Bxe2 23. Bxf4 Bxd1 24. Rxd1 h6 25. Nh3 Ra4 26. axb4 Qxb2 27. Qxd5+ Kh8 28. Nf2 Ra2 29. Rd2 Ra1+ 30. Bf1 Qxb4 31. Be5 Ra5 32. Bxg7+ Kxg7 33. Qd4+ Qxd4 34. Rxd4 Ra2 35. Nd3 Rd2 36. Rf4 Rxf4 37. Nxf4 g5 38. Ne2 Ra2 39. Kf2 Kf6 40. h3 Ke5 41. Bg2 h5 42. Bf3 h4 43. g4 Ra3 44. Bg2 Ra2 45. Bc6 Ra3 46. Bf3 Ra2 1/2-1/2

[Event "RUS-Cup06"]
[Site "Nizhnij Novgorod"]
[Date "1998.07.03"]
[Round "5"]
[White "Vaulin, Alexander"]
[Black "Isanbaev, Ramil"]
[Result "0-1"]
[WhiteElo "2535"]
[BlackElo "2320"]
[PlyCount "120"]
[EventDate "1998.06.29"]
[Source "www.chesslib.no"]
[SourceDate "2004.05.04"]

1. d4 Nf6 2. c4 c5 3. d5 b5 4. cxb5 a6 5. bxa6 Bxa6 6. Nc3 d6 7. Nf3 g6 8. g3 Bg7 9. Bg2 Nbd7 10. O-O Nb6 11. Re1 O-O 12. Nd2 Ra7 13. e4 Qa8 14. Bf1 Nfd7 15. Qc2 Rb8 16. b3 Bxf1 17. Kxf1 c4 18. Bb2 Rc8 19. b4 Ne5 20. Nb5 Ra4 21. Bc3 Qa6 22. Nd4 Nd3 23. Reb1 Nxb4 24. Rxb4 Rxb4 25. Nc6 Rxc6 26. dxc6 Rb5 27. Bxg7 Kxg7 28. a4 Rc5 29. Qc3+ Kg8 30. a5 Nc8 31. Ra4 Na7 32. Rxc4 Nxc6 33. Kg2 Qxa5 34. Qxa5 Nxa5 35. Ra4 Kg7 36. h4 h6 37. Kf3 Nc6 38. Kg2 Ra5 39. Rc4 Ne5 40. Rc2 Ra4 41. Kf1 f5 42. exf5 gxf5 43. Kg2 Kf6 44. Nf3 Ng4 45. Nh2 d5 46. Nxg4+ fxg4 47. Rc8 d4 48. Kf1 Ke5 49. Rh8 Ra1+ 50. Ke2 Ke4 51. Rxh6 Ra2+ 52. Ke1 Kf3 53. Re6 Rxf2 54. Rxe7 Kxg3 55. h5 Rh2 56. Re5 d3 57. Rd5 d2+ 58. Kf1 Rf2+ 59. Kg1 Re2 60. Rxd2 Rxd2 0-1

[Event "It (cat.8)"]
[Site "Marianske Lazne (Czech Republ"]
[Date "2007.01.23"]
[Round "5"]
[White "Meduna Eduard (CZE)"]
[Black "Pedersen Nicolai Vesterbaek ("]
[Result "1/2-1/2"]
[WhiteElo "2388"]
[BlackElo "2466"]
[PlyCount "52"]
[EventDate "2007.??.??"]
[Source "www.chesslib.no"]
[SourceDate "2004.05.04"]

1. d4 Nf6 2. c4 c5 3. d5 b5 4. cxb5 a6 5. bxa6 g6 6. Nc3 Bxa6 7. Nf3 d6 8. g3 Nbd7 9. Bg2 Nb6 10. O-O Bg7 11. Re1 O-O 12. e4 Nfd7 13. Qc2 Nc4 14. Bf4 Qa5 15. Rac1 Rfb8 16. b3 Nce5 17. Red1 Nxf3+ 18. Bxf3 c4 19. bxc4 Bxc4 20. Ne2 Bxe2 21. Qxe2 Rb2 22. Rc2 Rxc2 23. Qxc2 Qxa2 24. Qxa2 Rxa2 25. Rd2 Ra4 26. Rc2 Bd4 1/2-1/2